000 01179nas a2200325 4500
001 BR2013010500
003 BR-BrBNA
005 20231205123445.0
007 ta
008 230509b bl.|||p| |||| 00| 00por d
040 _aBR-BrBNA
_bpor
_cBiblioteca Nacional de Agricultura
041 _a(Pt)
072 _aF04
100 1 _aChaves, L. de L.B.
100 1 _aCarneiro, J.G. de A.
100 1 _aBarroso, D.G.
245 1 _aCrescimento de mudas de Anadenanthera macrocarpa (Benth)Brenan (angico -vermelho)em substrato fertilizado e inoculado com rizóbio
246 1 _aGrowth of Anadenanthera macrocarpa (Benth)Brenan -red angicoseedlings in a fertilized substrate with rhizobium inoculation
650 _aANGICO BRAVO
650 _aANADENANTHERA MACROCARPA
650 _aSUBSTRATO DE CULTURA
650 _aFERTILIZANTE
650 _aMUDA
650 _aCRESCIMENTO
650 _aRHIZOBIUM
773 0 _tRevista Árvore (Brazil)
_xISSN 0100-6762
_g(Nov-Dec 2006), v. 30(6) p. 911-919
_wBR2013010500
856 4 _uhttp://www.scielo.br/pdf/rarv/v30n6/a06v30n6.pdf
_yRecurso eletrônico (PDF)
909 _a202311
_bLúcia
_c55
_dLúcia Elande
942 _2AGRIS
_n0
_cANA
999 _c233969
_d233969